The Indian population of New England in the seventeenth century / (Record no. 23082)

MARC details
000 -LEADER
fixed length control field 01047cam a2200289 i 4500
001 - CONTROL NUMBER
control field 1288462
003 - CONTROL NUMBER IDENTIFIER
control field BDDh-ASL
005 - DATE AND TIME OF LATEST TRANSACTION
control field 20231015030208.0
008 - FIXED-LENGTH DATA ELEMENTS--GENERAL INFORMATION
fixed length control field 761119s1976 caub b 000 0 eng
010 ## - LIBRARY OF CONGRESS CONTROL NUMBER
LC control number 76003884
020 ## - INTERNATIONAL STANDARD BOOK NUMBER
International Standard Book Number 0520095537
040 ## - CATALOGING SOURCE
Original cataloging agency DLC
Transcribing agency DLC
Modifying agency DLC
-- BDDh-ASL
043 ## - GEOGRAPHIC AREA CODE
Geographic area code n-usn--
050 00 - LIBRARY OF CONGRESS CALL NUMBER
Classification number E78.N5
Item number C67 1976
082 00 - DEWEY DECIMAL CLASSIFICATION NUMBER
Classification number 301.4519
Item number COI
100 1# - MAIN ENTRY--PERSONAL NAME
Personal name Cook, Sherburne Friend,
Dates associated with a name 1896-1974.
245 14 - TITLE STATEMENT
Title The Indian population of New England in the seventeenth century /
Statement of responsibility, etc. by S. F. Cook.
260 ## - PUBLICATION, DISTRIBUTION, ETC.
Place of publication, distribution, etc. Berkeley :
Name of publisher, distributor, etc. University of California Press,
Date of publication, distribution, etc. c1976.
300 ## - PHYSICAL DESCRIPTION
Extent vii, 91 p. :
Other physical details map ;
Dimensions 24 cm.
490 1# - SERIES STATEMENT
Series statement University of California publications in anthropology ; v. 12
504 ## - BIBLIOGRAPHY, ETC. NOTE
Bibliography, etc. note Bibliography: p. 85-91.
650 #0 - SUBJECT ADDED ENTRY--TOPICAL TERM
Topical term or geographic name entry element Indians of North America
Geographic subdivision New England
General subdivision Population.
650 #0 - SUBJECT ADDED ENTRY--TOPICAL TERM
Topical term or geographic name entry element Indians of North America
Geographic subdivision New England
General subdivision History
Chronological subdivision 17th century.
830 #0 - SERIES ADDED ENTRY--UNIFORM TITLE
Uniform title University of California publications in anthropology ;
Volume/sequential designation v. 12.
906 ## - LOCAL DATA ELEMENT F, LDF (RLIN)
a 7
b cbc
c orignew
d 2
e ocip
f 19
g y-gencatlg
942 ## - ADDED ENTRY ELEMENTS (KOHA)
Source of classification or shelving scheme Dewey Decimal Classification
Koha item type Books
Holdings
Withdrawn status Lost status Source of classification or shelving scheme Damaged status Not for loan Collection code Home library Current library Shelving location Date acquired Source of acquisition Total Checkouts Full call number Barcode Date last seen Copy number Price effective from Koha item type
    Dewey Decimal Classification     Non-fiction Asiatic Society Library Asiatic Society Library General Stacks 03/13/2021 ASB Collection   301.4519 COI 107470 03/13/2021 C-1 03/13/2021 Books

Powered by Koha